[Event "FRM-chT2"]
[Site "Struga"]
[Date "2023.07.01"]
[Round "2.2"]
[White "Andonov, Todor"]
[Black "Andreeski, Danilo"]
[Result "1/2-1/2"]
[WhiteElo "2210"]
[BlackElo "2093"]
[PlyCount "86"]
[EventDate "2023.06.30"]
[EventType "team-tourn"]
[EventRounds "7"]
[EventCountry "MKD"]
[SourceTitle "EXT 2024"]
[Source "ChessBase"]
[SourceDate "2023.10.10"]
[SourceVersion "1"]
[SourceVersionDate "2023.10.10"]
[SourceQuality "1"]

1. Nf3 Nf6 2. b4 g6 3. Bb2 Bg7 4. e3 0-0 5. Be2 d5 6. 0-0 c6 7. c4 a5 8. a3 axb4 9. axb4 Rxa1 10. Bxa1 dxc4 11. Bxc4 Nbd7 12. Na3 Nb6 13. Be2 Qd6 14. Nc2 Bg4 15. Be5 Qd7 16. Bd4 Qc7 17. Ne5 Bxe2 18. Qxe2 Ra8 19. Rc1 Nfd7 20. Nxd7 Nxd7 21. Bxg7 Kxg7 22. Qc4 Qe5 23. d4 Qd5 24. Qxd5 cxd5 25. Ne1 b6 26. Rc7 Ra1 27. Kf1 Nf6 28. Ke2 Ne4 29. f3 Ra2+ 30. Rc2 Rxc2+ 31. Nxc2 Nd6 32. Kd3 f5 33. Ne1 g5 34. g4 fxg4 35. fxg4 Ne4 36. Ke2 e6 37. Nd3 Kf6 38. Ne5 b5 39. Nd7+ Ke7 40. Ne5 Nc3+ 41. Kd2 Ne4+ 42. Ke2 Nc3+ 43. Kd2 Ne4+ 1/2-1/2

[Event "FRM-chT2 GpB"]
[Site "Ohrid"]
[Date "2021.07.04"]
[Round "2.1"]
[White "Andreeski, Danilo"]
[Black "Gecovski, Goce"]
[Result "0-1"]
[WhiteElo "2098"]
[BlackElo "2177"]
[PlyCount "42"]
[EventDate "2021.07.03"]
[EventType "team-tourn"]
[EventRounds "5"]
[EventCountry "MKD"]
[SourceTitle "EXT 2022"]
[Source "ChessBase"]
[SourceDate "2021.10.06"]
[SourceVersion "1"]
[SourceVersionDate "2021.10.06"]
[SourceQuality "1"]
[WhiteTeam "Ohrid Lasker"]
[BlackTeam "Bitola Shah Sheh"]
[WhiteTeamCountry "MKD"]
[BlackTeamCountry "MKD"]

1. d4 Nf6 2. c4 c5 3. d5 b5 4. Qc2 e6 5. e4 exd5 6. cxd5 Qe7 7. f3 Nxd5 8. Bxb5 Nb4 9. Qe2 a6 10. Ba4 a5 11. Bb5 N8c6 12. Be3 Nd4 13. Bxd4 cxd4 14. a3 Rb8 15. Bc4 d3 16. Bxd3 Nxd3+ 17. Qxd3 Rxb2 18. Ne2 Qf6 19. Nbc3 Ba6 20. Qd1 Bc5 21. Qc1 Qb6 0-1

[Event "FRM-chT"]
[Site "Struga"]
[Date "2007.07.23"]
[Round "1"]
[White "Vasovski, Nikola"]
[Black "Andreeski, Danilo"]
[Result "1-0"]
[WhiteElo "2413"]
[BlackElo "2142"]
[PlyCount "97"]
[EventDate "2007.07.23"]
[EventType "team"]
[EventRounds "7"]
[EventCountry "MKD"]
[SourceTitle "CBM 119 Extra"]
[Source "ChessBase"]
[SourceDate "2007.09.04"]
[SourceVersion "1"]
[SourceVersionDate "2007.09.04"]
[SourceQuality "1"]

1. d4 Nf6 2. c4 e6 3. Nc3 Bb4 4. Qc2 c5 5. dxc5 Na6 6. a3 Bxc3+ 7. Qxc3 Nxc5 8. b4 Nce4 9. Qd4 d5 10. c5 b6 11. f3 bxc5 12. bxc5 Qa5+ 13. Qb4 Qxb4+ 14. axb4 Nc3 15. Bb2 Nb5 16. e3 Bd7 17. Ra5 a6 18. Ne2 0-0 19. Nc3 Nc7 20. Na4 Bxa4 21. Rxa4 Nd7 22. Bd3 Rfb8 23. Ba3 Ne5 24. Kd2 Nxd3 25. Kxd3 Rb5 26. Bb2 f6 27. Bc3 Kf7 28. f4 Rab8 29. Rha1 Ra8 30. g4 Rbb8 31. Bd4 Ke7 32. g5 Rb5 33. c6 Rd8 34. gxf6+ gxf6 35. Bc5+ Kf7 36. Rg1 Rg8 37. Rxg8 Kxg8 38. Bd6 Ne8 39. c7 Nxd6 40. Rxa6 Rb7 41. Rxd6 Rxc7 42. Rxe6 Kf7 43. Rd6 Rc4 44. b5 Rc5 45. Rb6 Rc4 46. f5 h5 47. Rc6 Rh4 48. Rc7+ Kg8 49. b6 1-0

[Event "Macedonian op"]
[Site "Struga"]
[Date "2002.07.26"]
[Round "7"]
[White "Andreeski, Danilo"]
[Black "Kacakovski, Dimitar"]
[Result "1-0"]
[WhiteElo "2105"]
[BlackElo "2199"]
[PlyCount "82"]
[EventDate "2002.07.20"]
[EventType "swiss"]
[EventRounds "9"]
[EventCountry "MKD"]
[SourceTitle "CBM 089 Extra"]
[Source "ChessBase"]
[SourceDate "2002.09.10"]
[SourceVersion "2"]
[SourceVersionDate "2002.09.10"]
[SourceQuality "1"]

1. d4 Nf6 2. c4 g6 3. Nc3 Bg7 4. e4 d6 5. h3 0-0 6. Bg5 h6 7. Be3 e5 8. d5 Na6 9. Bd3 Nc5 10. Bc2 a5 11. Nge2 c6 12. Qd2 cxd5 13. cxd5 Kh7 14. 0-0 Bd7 15. a3 a4 16. Rab1 Rc8 17. Kh1 Nh5 18. Bxc5 Rxc5 19. Bxa4 b5 20. Bd1 Qh4 21. Ng1 f5 22. g3 Qe7 23. exf5 Bxf5 24. Bc2 e4 25. Rbe1 Bxc3 26. bxc3 Nf6 27. Bb3 Rfc8 28. Re3 h5 29. Kg2 Qe5 30. Kh2 Nxd5 31. Bxd5 Rxd5 32. Qb2 Rd3 33. Rfe1 Rdxc3 34. Nf3 Qf6 35. Rc1 exf3 36. Rexc3 Rxc3 37. Qxc3 Qg5 38. Re1 Bg4 39. Qc7+ Kh6 40. Re7 Qf5 41. Rh7+ Kg5 1-0

[Event "Skopje op 18th"]
[Site "Skopje"]
[Date "2002.01.22"]
[Round "8"]
[White "Gjorgjieski, Dejan"]
[Black "Andreeski, Danilo"]
[Result "0-1"]
[WhiteElo "2240"]
[BlackElo "2110"]
[PlyCount "148"]
[EventDate "2002.01.15"]
[EventType "swiss"]
[EventRounds "9"]
[EventCountry "MKD"]
[SourceTitle "CBM 088"]
[Source "ChessBase"]
[SourceDate "2002.03.21"]
[SourceVersion "1"]
[SourceVersionDate "2002.03.21"]
[SourceQuality "1"]

1. d4 Nf6 2. Nf3 e6 3. Bg5 c5 4. c3 Qb6 5. Qb3 Ne4 6. Bf4 Nc6 7. e3 Qxb3 8. axb3 cxd4 9. exd4 Bd6 10. Bxd6 Nxd6 11. Nbd2 0-0 12. b4 Rd8 13. Bd3 b6 14. 0-0 Bb7 15. Ba6 Bxa6 16. Rxa6 Nb5 17. Rfa1 d5 18. Kf1 Rac8 19. Re1 Kf8 20. Ne5 Nxe5 21. Rxe5 Rc7 22. f4 Nd6 23. Ra1 Re8 24. Rae1 g6 25. g4 Rce7 26. Kf2 Kg7 27. h3 h6 28. Kf3 Kf8 29. R5e2 Rc7 30. h4 h5 31. gxh5 gxh5 32. Rg2 Nf5 33. Rh1 f6 34. Nf1 Rg7 35. Rxg7 Kxg7 36. Ne3 Nxe3 37. Kxe3 Kf7 38. Ra1 Re7 39. b5 Kg6 40. Rg1+ Kf5 41. Rg8 Rh7 42. Kf3 Re7 43. Rh8 Kg6 44. Ke3 Rg7 45. b3 Rc7 46. Kd3 Kf5 47. Rxh5+ Kxf4 48. c4 dxc4+ 49. bxc4 e5 50. dxe5 fxe5 51. Rh8 e4+ 52. Kc3 Rd7 53. Rf8+ Ke3 54. h5 Rh7 55. Rf5 Ke2 56. Kd4 e3 57. Ke4 Re7+ 58. Kf4 Ke1 59. h6 e2 60. Rh5 Kd1 61. h7 Rxh7 62. Rd5+ Kc1 63. Re5 Rf7+ 64. Kg3 Kd1 65. Rd5+ Ke1 66. Kg2 Rg7+ 67. Kh3 Rg1 68. Kh2 Rg4 69. Kh3 Rxc4 70. Kg2 Rc5 71. Rd7 Rg5+ 72. Kh2 Rxb5 73. Rxa7 Rb1 74. Rd7 Kf2 0-1

[Event "Skopje op 18th"]
[Site "Skopje"]
[Date "2002.01.21"]
[Round "7"]
[White "Erdogdu, Mert"]
[Black "Andreeski, Danilo"]
[Result "1/2-1/2"]
[WhiteElo "2318"]
[BlackElo "2110"]
[PlyCount "36"]
[EventDate "2002.01.15"]
[EventType "swiss"]
[EventRounds "9"]
[EventCountry "MKD"]
[SourceTitle "CBM 088"]
[Source "ChessBase"]
[SourceDate "2002.03.21"]
[SourceVersion "1"]
[SourceVersionDate "2002.03.21"]
[SourceQuality "1"]

1. e4 c5 2. Nf3 e6 3. d4 cxd4 4. Nxd4 Nc6 5. Nc3 Qc7 6. g3 a6 7. Bg2 d6 8. 0-0 Nf6 9. Re1 Bd7 10. Nxc6 Bxc6 11. Bf4 Be7 12. Qd3 0-0 13. Rad1 Rfd8 14. h3 Rac8 15. g4 b5 16. a3 Qb7 17. Qg3 a5 18. Qe3 b4 1/2-1/2

[Event "Skopje op 18th"]
[Site "Skopje"]
[Date "2002.01.19"]
[Round "5"]
[White "Petkovski, Vlatko"]
[Black "Andreeski, Danilo"]
[Result "1-0"]
[WhiteElo "2227"]
[BlackElo "2110"]
[PlyCount "83"]
[EventDate "2002.01.15"]
[EventType "swiss"]
[EventRounds "9"]
[EventCountry "MKD"]
[SourceTitle "CBM 088"]
[Source "ChessBase"]
[SourceDate "2002.03.21"]
[SourceVersion "1"]
[SourceVersionDate "2002.03.21"]
[SourceQuality "1"]

1. e4 c5 2. Nf3 e6 3. d4 cxd4 4. Nxd4 Nc6 5. Nc3 Qc7 6. Be3 a6 7. Be2 Nf6 8. a3 Be7 9. 0-0 0-0 10. f4 d6 11. Kh1 Bd7 12. Qe1 Nxd4 13. Bxd4 Bc6 14. Bd3 Rfe8 15. Qg3 Nh5 16. Qf2 Bf8 17. e5 g6 18. Ne4 Bxe4 19. Bxe4 d5 20. Bd3 Rac8 21. b4 Ng7 22. g4 a5 23. c3 axb4 24. axb4 Ra8 25. f5 Rec8 26. Qf4 Rxa1 27. Rxa1 Qd8 28. Ra7 Ra8 29. fxg6 hxg6 30. Rxb7 Ra1+ 31. Kg2 Ra2+ 32. Kg3 Be7 33. Bb6 Bh4+ 34. Kh3 Qe8 35. Kxh4 g5+ 36. Qxg5 Rxh2+ 37. Kg3 Rh1 38. Kg2 Rd1 39. Bc2 Re1 40. Kf2 Rh1 41. Qf4 d4 42. Ba7 1-0

[Event "Skopje op 18th"]
[Site "Skopje"]
[Date "2002.01.17"]
[Round "3"]
[White "Andreeski, Danilo"]
[Black "Organdziev, Oliver"]
[Result "1/2-1/2"]
[WhiteElo "2110"]
[BlackElo "2340"]
[PlyCount "37"]
[EventDate "2002.01.15"]
[EventType "swiss"]
[EventRounds "9"]
[EventCountry "MKD"]
[SourceTitle "CBM 088"]
[Source "ChessBase"]
[SourceDate "2002.03.21"]
[SourceVersion "1"]
[SourceVersionDate "2002.03.21"]
[SourceQuality "1"]

1. d4 d5 2. c4 Bf5 3. Nc3 e6 4. Nf3 c6 5. e3 Nf6 6. Bd3 Bxd3 7. Qxd3 Nbd7 8. 0-0 Bb4 9. Bd2 a5 10. a3 Bxc3 11. bxc3 0-0 12. cxd5 exd5 13. c4 dxc4 14. Qxc4 Ne4 15. Rfb1 Qf6 16. Qc2 Nxd2 17. Nxd2 b6 18. Ra2 Rfe8 19. Rab2 1/2-1/2

[Event "Skopje op 18th"]
[Site "Skopje"]
[Date "2002.01.16"]
[Round "2"]
[White "Ilic, Zoran"]
[Black "Andreeski, Danilo"]
[Result "1-0"]
[WhiteElo "2364"]
[BlackElo "2110"]
[PlyCount "54"]
[EventDate "2002.01.15"]
[EventType "swiss"]
[EventRounds "9"]
[EventCountry "MKD"]
[SourceTitle "CBM 088"]
[Source "ChessBase"]
[SourceDate "2002.03.21"]
[SourceVersion "1"]
[SourceVersionDate "2002.03.21"]
[SourceQuality "1"]

1. c4 Nf6 2. g3 e6 3. Bg2 d5 4. b3 c5 5. Nf3 Nc6 6. cxd5 exd5 7. 0-0 Be7 8. d4 0-0 9. dxc5 Ne4 10. Bb2 Bxc5 11. Na3 Re8 12. Nc2 Bg4 13. Qd3 Qd7 14. a3 a5 15. b4 axb4 16. axb4 Rxa1 17. Bxa1 Nxb4 18. Nxb4 Bxb4 19. Ne5 Rxe5 20. Bxe5 Bf5 21. Qe3 f6 22. Bd4 Bd2 23. Qb3 b5 24. Rd1 Ba5 25. Qa2 Bc7 26. Bb2 Qf7 27. Qxd5 h5 1-0

[Event "Skopje op 18th"]
[Site "Skopje"]
[Date "2002.01.15"]
[Round "1"]
[White "Dworakowska, Joanna"]
[Black "Andreeski, Danilo"]
[Result "1-0"]
[WhiteElo "2441"]
[BlackElo "2110"]
[PlyCount "79"]
[EventDate "2002.01.15"]
[EventType "swiss"]
[EventRounds "9"]
[EventCountry "MKD"]
[SourceTitle "CBM 088"]
[Source "ChessBase"]
[SourceDate "2002.03.21"]
[SourceVersion "1"]
[SourceVersionDate "2002.03.21"]
[SourceQuality "1"]

1. e4 c5 2. Nf3 e6 3. d4 cxd4 4. Nxd4 Nc6 5. Nc3 Qc7 6. Be2 a6 7. Be3 b5 8. Nxc6 Qxc6 9. e5 Bb7 10. Bf3 Qc7 11. Bxb7 Qxb7 12. 0-0 Rc8 13. Qd3 Ne7 14. Rad1 Ng6 15. f4 Be7 16. Rf2 Nh4 17. Rfd2 Rc7 18. Ne4 Nf5 19. Bf2 h5 20. Qf3 h4 21. c3 a5 22. b3 Qc6 23. Rd3 Qb7 24. c4 f6 25. exf6 gxf6 26. c5 Kf7 27. a3 Rg8 28. h3 Rg6 29. b4 axb4 30. axb4 Qc6 31. Ra3 Rc8 32. Be1 Rcg8 33. Rd2 Nd4 34. Rxd4 Rxg2+ 35. Kf1 Rg1+ 36. Ke2 R8g2+ 37. Bf2 d5 38. Qh5+ Kg7 39. Ra7 Kf8 40. Qh6+ 1-0